00970nam a2200253 i 4500003000900000005001700009007000300026008004100029020001500070040003000085041000800115082001700123100003300140245020900173250002200382264003600404300002800440336002700468337003300495338002800528700004200556700004400598700007400642DO-SdBNP20260115091555.0ta240212b2006 dr ||||| |||| 00| 0 spa d a9945854712 aDO-SdBNPbspacBNPHUerda aspa 4axxxbxxx2221 aHidalgo, Saulo,eautor4aut.10aHacia dónde voy en la vida? :bhay otra oportunidad para usted /cSaulo Hidalgo : colaboradora, Marisol Castillo ; corrección Míriam Gutiérrez ; prólogo, Nicolás de Jesús López Rodríguez aSegunda edición 1aSanto Domingo :bTele 3,c2006. a265 páginas ;e22 cm. atextobtxt2rdacontent asin mediaciónbn2rdamedia avolumenbnc2rdacarrier1 aCastillo, Marisol,ecolaborador4col.1 aGutiérrez, Míriam,ecorrector4col.1 a López Rodríguez, Nicolás de Jesús, d1936-eprologuista4pr.